[Event "Grand Prix 2nd leg Jermuk"]
[Site "?"]
[Date "2017.10.07"]
[Round "4.1"]
[White "Pogosyan, Stefan"]
[Black "Shubin, Kirill"]
[Result "1/2-1/2"]
[BlackElo "2359"]
[WhiteElo "2368"]
[LiveChessVersion "1.4.8"]

1. d4 {[%clk 1:30:58]} e6 {[%clk 1:30:56]} 2. c4 {[%clk 1:30:55]} Nf6
{[%clk 1:31:22]} 3. Nc3 {[%clk 1:31:05]} Bb4 {[%clk 1:31:49]} 4. e3
{[%clk 1:31:14]} O-O {[%clk 1:31:49]} 5. Nge2 {[%clk 1:31:19]} d5
{[%clk 1:31:35]} 6. a3 {[%clk 1:31:37]} Be7 {[%clk 1:32:00]} 7. cxd5
{[%clk 1:31:55]} exd5 {[%clk 1:32:25]} 8. g3 {[%clk 1:32:17]} Nbd7
{[%clk 1:32:48]} 9. Bg2 {[%clk 1:32:24]} Nb6 {[%clk 1:33:08]} 10. O-O
{[%clk 1:32:36]} Re8 {[%clk 1:32:48]} 11. b3 {[%clk 1:21:14]} a5 {[%clk 1:29:46]}
12. a4 {[%clk 1:18:56]} Bf8 {[%clk 1:19:44]} 13. f3 {[%clk 1:11:01]} c5
{[%clk 1:20:00]} 14. g4 {[%clk 1:09:11]} h6 {[%clk 1:19:40]} 15. h3
{[%clk 1:09:09]} Bd7 {[%clk 1:13:58]} 16. Ba3 {[%clk 0:59:56]} Rc8
{[%clk 1:02:56]} 17. dxc5 {[%clk 0:58:42]} Bxc5 {[%clk 1:03:20]} 18. Bxc5
{[%clk 0:58:52]} Rxc5 {[%clk 1:03:47]} 19. Qd4 {[%clk 0:54:12]} Qe7
{[%clk 1:04:08]} 20. Kf2 {[%clk 0:54:31]} Na8 {[%clk 1:04:03]} 21. h4
{[%clk 0:37:59]} Nc7 {[%clk 1:01:14]} 22. g5 {[%clk 0:35:44]} Nh7
{[%clk 1:00:31]} 23. f4 {[%clk 0:34:55]} Nf8 {[%clk 1:00:03]} 24. Rac1
{[%clk 0:31:41]} Ng6 {[%clk 0:52:51]} 25. Rh1 {[%clk 0:27:27]} h5
{[%clk 0:47:02]} 26. Ng3 {[%clk 0:25:46]} Bg4 {[%clk 0:44:53]} 27. Rhe1
{[%clk 0:19:50]} b6 {[%clk 0:44:13]} 28. e4 {[%clk 0:08:02]} Ne6 {[%clk 0:43:56]}
29. Qd2 {[%clk 0:08:19]} Nexf4 {[%clk 0:44:13]} 30. exd5 {[%clk 0:08:07]} Qd8
{[%clk 0:44:28]} 31. Rxe8+ {[%clk 0:06:45]} Qxe8 {[%clk 0:44:48]} 32. Re1
{[%clk 0:07:04]} Qc8 {[%clk 0:44:45]} 33. Nge4 {[%clk 0:07:00]} Nxg2
{[%clk 0:45:03]} 34. Kxg2 {[%clk 0:04:53]} Nxh4+ {[%clk 0:45:00]} 35. Kg3
{[%clk 0:04:15]} Nf3 {[%clk 0:45:05]} 36. Qe3 {[%clk 0:04:35]} Nxe1
{[%clk 0:45:16]} 37. Qxe1 {[%clk 0:05:03]} Qb8+ {[%clk 0:42:11]} 38. d6
{[%clk 0:04:27]} Re5 {[%clk 0:42:18]} 39. Qd2 {[%clk 0:04:42]} Bf5
{[%clk 0:38:27]} 40. Kf4 {[%clk 0:03:46]} Qe8 {[%clk 0:38:06]} 41. Qd4
{[%clk 0:04:01]} Bxe4 {[%clk 0:37:27]} 42. Qxe5 {[%clk 0:04:25]} Qxe5+
{[%clk 0:37:47]} 43. Kxe5 {[%clk 0:04:51]} Bc6 {[%clk 0:38:01]} 44. Nd5
{[%clk 0:04:52]} Kf8 {[%clk 0:37:49]} 45. Nxb6 {[%clk 0:05:09]} Ke8
{[%clk 0:37:29]} 1/2-1/2

[Event "Grand Prix 2nd leg Jermuk"]
[Site "?"]
[Date "2017.10.07"]
[Round "4.2"]
[White "Shevchenko, Kirill"]
[Black "Zarubitski, Viachaslau"]
[Result "1/2-1/2"]
[BlackElo "2311"]
[WhiteElo "2531"]
[LiveChessVersion "1.4.8"]

1. d4 {[%clk 1:30:57]} d5 {[%clk 1:30:55]} 2. c4 {[%clk 1:31:16]} c6
{[%clk 1:31:21]} 3. Nf3 {[%clk 1:31:36]} Nf6 {[%clk 1:31:45]} 4. g3
{[%clk 1:31:59]} dxc4 {[%clk 1:31:49]} 5. Bg2 {[%clk 1:32:05]} b5
{[%clk 1:27:00]} 6. O-O {[%clk 1:32:15]} Bb7 {[%clk 1:26:38]} 7. Ne5
{[%clk 1:31:51]} e6 {[%clk 1:24:13]} 8. b3 {[%clk 1:31:06]} cxb3 {[%clk 1:23:49]}
9. axb3 {[%clk 1:31:24]} Nbd7 {[%clk 1:11:29]} 10. Nc3 {[%clk 1:31:29]} a6
{[%clk 0:42:42]} 11. Qc2 {[%clk 1:31:50]} Rc8 {[%clk 0:41:45]} 12. Rd1
{[%clk 1:31:59]} Be7 {[%clk 0:40:09]} 13. Nxd7 {[%clk 1:31:59]} Qxd7
{[%clk 0:39:12]} 14. Bg5 {[%clk 1:32:12]} O-O {[%clk 0:32:25]} 15. Bxf6
{[%clk 1:30:35]} Bxf6 {[%clk 0:32:33]} 16. Ne4 {[%clk 1:30:53]} Be7
{[%clk 0:32:21]} 17. Nc5 {[%clk 1:21:29]} Bxc5 {[%clk 0:32:37]} 18. Qxc5
{[%clk 1:13:58]} Rfd8 {[%clk 0:32:27]} 19. e3 {[%clk 1:13:59]} Qd6
{[%clk 0:32:06]} 20. Rdc1 {[%clk 1:10:29]} Qxc5 {[%clk 0:31:19]} 21. Rxc5
{[%clk 1:08:52]} Kf8 {[%clk 0:31:48]} 22. f4 {[%clk 1:05:34]} Ke7
{[%clk 0:30:43]} 23. Kf2 {[%clk 1:05:14]} Kd6 {[%clk 0:26:47]} 24. b4
{[%clk 1:01:22]} Kc7 {[%clk 0:26:46]} 25. g4 {[%clk 0:59:14]} Kb6
{[%clk 0:26:38]} 26. h4 {[%clk 0:48:27]} Ra8 {[%clk 0:26:51]} 27. Ra5
{[%clk 0:48:52]} Rd6 {[%clk 0:23:59]} 28. Rg5 {[%clk 0:48:32]} g6
{[%clk 0:23:55]} 29. Rc5 {[%clk 0:48:14]} Kc7 {[%clk 0:21:53]} 30. h5
{[%clk 0:46:20]} Kd7 {[%clk 0:20:17]} 31. g5 {[%clk 0:41:52]} Ke7
{[%clk 0:18:04]} 32. Be4 {[%clk 0:40:47]} Kf8 {[%clk 0:17:11]} 33. Rc1
{[%clk 0:39:17]} Kg7 {[%clk 0:16:52]} 34. Rh1 {[%clk 0:39:31]} Rg8
{[%clk 0:16:39]} 35. Raa1 {[%clk 0:34:53]} Kf8 {[%clk 0:16:33]} 36. Rac1
{[%clk 0:34:51]} Ke7 {[%clk 0:16:00]} 37. Rc5 {[%clk 0:34:31]} Kd7
{[%clk 0:14:23]} 38. Rh2 {[%clk 0:30:43]} Kc7 {[%clk 0:14:22]} 39. Kf3
{[%clk 0:25:14]} Kb6 {[%clk 0:13:46]} 40. Ra2 {[%clk 0:24:18]} Ra8
{[%clk 0:14:12]} 41. Ra5 {[%clk 0:24:11]} Rh8 {[%clk 0:13:42]} 42. Rc1
{[%clk 0:23:59]} Ra8 {[%clk 0:13:51]} 43. Rh1 {[%clk 0:24:15]} Rd7
{[%clk 0:14:04]} 44. Rh2 {[%clk 0:23:40]} Rg8 {[%clk 0:14:23]} 45. Ra1
{[%clk 0:23:38]} Ra8 {[%clk 0:14:07]} 46. Ra5 {[%clk 0:20:46]} Rg8
{[%clk 0:14:31]} 47. Ke2 {[%clk 0:20:40]} Kc7 {[%clk 0:14:24]} 48. Kd3
{[%clk 0:20:12]} Kb6 {[%clk 0:14:52]} 49. Kc3 {[%clk 0:20:12]} Kc7
{[%clk 0:15:21]} 50. Bd3 {[%clk 0:19:25]} Kb6 {[%clk 0:15:41]} 51. Raa2
{[%clk 0:18:51]} Rgd8 {[%clk 0:15:51]} 52. Bb1 {[%clk 0:17:52]} Kc7
{[%clk 0:15:51]} 53. hxg6 {[%clk 0:17:13]} hxg6 {[%clk 0:16:17]} 54. Rh7
{[%clk 0:17:33]} Rg8 {[%clk 0:16:44]} 55. Bc2 {[%clk 0:15:36]} Kb6
{[%clk 0:16:39]} 56. Bb3 {[%clk 0:16:00]} Bc8 {[%clk 0:15:41]} 57. Kd3
{[%clk 0:15:32]} Kc7 {[%clk 0:15:51]} 58. Rah2 {[%clk 0:13:26]} Bb7
{[%clk 0:15:37]} 59. Rc2 {[%clk 0:10:48]} Kd6 {[%clk 0:15:28]} 60. Rc1
{[%clk 0:08:16]} Kc7 {[%clk 0:15:42]} 61. Rg1 {[%clk 0:08:41]} Bc8
{[%clk 0:15:50]} 62. Kc3 {[%clk 0:08:19]} Bb7 {[%clk 0:12:15]} 63. Kd3
{[%clk 0:07:10]} Bc8 {[%clk 0:12:44]} 64. Rc1 {[%clk 0:07:35]} Bb7
{[%clk 0:12:33]} 65. Rc5 {[%clk 0:08:00]} Bc8 {[%clk 0:11:38]} 66. Kc3
{[%clk 0:06:38]} Kb6 {[%clk 0:11:10]} 67. Bd1 {[%clk 0:06:21]} Re7
{[%clk 0:09:14]} 68. Kd3 {[%clk 0:03:04]} Kc7 {[%clk 0:08:07]} 69. Bf3
{[%clk 0:02:17]} Bb7 {[%clk 0:07:06]} 70. Rh1 {[%clk 0:00:36]} Kb6
{[%clk 0:07:03]} 71. Ke4 {[%clk 0:00:49]} a5 {[%clk 0:06:46]} 72. bxa5+
{[%clk 0:01:18]} Kxa5 {[%clk 0:07:15]} 73. Ke5 {[%clk 0:01:40]} Kb6
{[%clk 0:07:16]} 74. Rhc1 {[%clk 0:00:52]} Rc7 {[%clk 0:07:25]} 75. Be2
{[%clk 0:00:49]} Rd7 {[%clk 0:06:10]} 76. Bf3 {[%clk 0:01:05]} Rc7
{[%clk 0:06:39]} 77. Be2 {[%clk 0:00:43]} Rd7 {[%clk 0:07:07]} 78. R5c2
{[%clk 0:00:37]} Rh8 {[%clk 0:06:02]} 79. Bf3 {[%clk 0:00:34]} Rh3
{[%clk 0:05:34]} 80. Bxc6 {[%clk 0:00:52]} Rxe3+ {[%clk 0:06:01]} 81. Kf6
{[%clk 0:01:19]} Rxd4 {[%clk 0:06:10]} 82. Kxf7 {[%clk 0:01:42]} Rxf4+
{[%clk 0:06:28]} 83. Kxg6 {[%clk 0:02:09]} b4 {[%clk 0:05:15]} 84. Bxb7
{[%clk 0:01:09]} Kxb7 {[%clk 0:05:44]} 85. Rc4 {[%clk 0:01:39]} e5
{[%clk 0:02:43]} 86. Rc7+ {[%clk 0:00:56]} Kb6 {[%clk 0:03:09]} 87. R1c5
{[%clk 0:01:21]} b3 {[%clk 0:02:36]} 88. R7c6+ {[%clk 0:01:45]} Kb7
{[%clk 0:03:05]} 89. Rc7+ {[%clk 0:02:08]} Kb6 {[%clk 0:03:34]} 90. R7c6+
{[%clk 0:02:32]} 1/2-1/2

[Event "Grand Prix 2nd leg Jermuk"]
[Site "?"]
[Date "2017.10.07"]
[Round "4.3"]
[White "Nesterov, Arseniy"]
[Black "Kaasen, Tor Fredrik"]
[Result "1-0"]
[BlackElo "2371"]
[WhiteElo "2350"]
[LiveChessVersion "1.4.8"]

1. d4 {[%clk 1:30:52]} Nf6 {[%clk 1:30:39]} 2. c4 {[%clk 1:31:18]} c5
{[%clk 1:30:47]} 3. d5 {[%clk 1:31:40]} g6 {[%clk 1:30:46]} 4. Nc3
{[%clk 1:31:36]} Bg7 {[%clk 1:31:07]} 5. e4 {[%clk 1:31:25]} d6 {[%clk 1:30:54]}
6. Be2 {[%clk 1:29:13]} O-O {[%clk 1:31:04]} 7. Bg5 {[%clk 1:29:33]} e6
{[%clk 1:26:27]} 8. Qd2 {[%clk 1:29:48]} exd5 {[%clk 1:25:25]} 9. exd5
{[%clk 1:30:11]} Re8 {[%clk 1:23:23]} 10. Nf3 {[%clk 1:30:33]} Bg4
{[%clk 1:18:28]} 11. O-O {[%clk 1:30:47]} Nbd7 {[%clk 1:18:31]} 12. h3
{[%clk 1:31:05]} Bxf3 {[%clk 1:18:20]} 13. Bxf3 {[%clk 1:31:31]} a6
{[%clk 1:17:29]} 14. a4 {[%clk 1:31:27]} Qa5 {[%clk 1:16:20]} 15. Qc2
{[%clk 1:28:16]} h6 {[%clk 1:13:41]} 16. Bd2 {[%clk 1:28:05]} Qc7
{[%clk 1:12:56]} 17. Rfe1 {[%clk 1:26:47]} Ne5 {[%clk 1:09:39]} 18. Be2
{[%clk 1:27:02]} Re7 {[%clk 1:07:53]} 19. f4 {[%clk 1:23:56]} Ned7
{[%clk 1:08:13]} 20. Bf3 {[%clk 1:23:59]} Rae8 {[%clk 1:07:33]} 21. Rxe7
{[%clk 1:23:01]} Rxe7 {[%clk 1:07:57]} 22. Re1 {[%clk 1:23:21]} Nb6
{[%clk 1:05:08]} 23. b3 {[%clk 1:21:57]} Nc8 {[%clk 1:03:00]} 24. Rxe7
{[%clk 1:15:38]} Nxe7 {[%clk 1:02:55]} 25. g4 {[%clk 1:15:43]} Nc8
{[%clk 0:52:49]} 26. Qd3 {[%clk 1:13:55]} Qd8 {[%clk 0:51:41]} 27. Kg2
{[%clk 1:11:54]} Qe7 {[%clk 0:44:15]} 28. a5 {[%clk 1:10:47]} Nd7
{[%clk 0:43:06]} 29. Qe2 {[%clk 1:08:07]} Qxe2+ {[%clk 0:41:04]} 30. Bxe2
{[%clk 1:08:25]} Kf8 {[%clk 0:39:51]} 31. Kf3 {[%clk 1:06:50]} Ke7
{[%clk 0:38:02]} 32. Ne4 {[%clk 1:04:13]} Bd4 {[%clk 0:36:27]} 33. h4
{[%clk 1:01:40]} Nf6 {[%clk 0:35:49]} 34. Ng3 {[%clk 1:01:14]} Kf8
{[%clk 0:32:58]} 35. Bf1 {[%clk 0:57:45]} Ne8 {[%clk 0:28:25]} 36. Bh3
{[%clk 0:53:25]} Ne7 {[%clk 0:27:31]} 37. f5 {[%clk 0:48:42]} Kg7
{[%clk 0:26:54]} 38. fxg6 {[%clk 0:48:39]} fxg6 {[%clk 0:23:25]} 39. g5
{[%clk 0:48:49]} hxg5 {[%clk 0:22:42]} 40. hxg5 {[%clk 0:49:05]} Kf8
{[%clk 0:18:13]} 41. Bd7 {[%clk 0:49:04]} Be5 {[%clk 0:17:20]} 42. b4
{[%clk 0:46:55]} cxb4 {[%clk 0:14:05]} 43. Bxb4 {[%clk 0:47:15]} Ng7
{[%clk 0:14:02]} 44. Nf1 {[%clk 0:43:57]} Ngf5 {[%clk 0:13:09]} 45. Ne3
{[%clk 0:44:18]} Nxe3 {[%clk 0:09:50]} 46. Kxe3 {[%clk 0:44:43]} Bh2
{[%clk 0:09:07]} 47. Ke4 {[%clk 0:44:56]} Kf7 {[%clk 0:08:00]} 48. c5
{[%clk 0:43:24]} dxc5 {[%clk 0:05:13]} 49. Bxc5 {[%clk 0:43:48]} Bg3
{[%clk 0:04:45]} 50. d6 {[%clk 0:42:22]} Ng8 {[%clk 0:02:55]} 51. Kd5
{[%clk 0:42:15]} Bf4 {[%clk 0:02:42]} 52. Be6+ {[%clk 0:42:28]} Kg7
{[%clk 0:02:42]} 53. Bxg8 {[%clk 0:31:34]} Kxg8 {[%clk 0:02:54]} 54. d7
{[%clk 0:31:59]} Bxg5 {[%clk 0:03:15]} 55. Ke6 {[%clk 0:32:24]} Bd8
{[%clk 0:03:17]} 56. Bb6 {[%clk 0:32:51]} Bg5 {[%clk 0:03:06]} 57. d8=Q+
{[%clk 0:33:14]} Bxd8 {[%clk 0:03:32]} 58. Bxd8 {[%clk 0:33:40]} Kf8
{[%clk 0:03:11]} 59. Kd7 {[%clk 0:34:03]} Kf7 {[%clk 0:03:29]} 60. Bg5
{[%clk 0:34:01]} Kf8 {[%clk 0:03:52]} 61. Kc7 {[%clk 0:34:19]} Ke8
{[%clk 0:04:21]} 62. Bh4 {[%clk 0:34:30]} 1-0

[Event "Grand Prix 2nd leg Jermuk"]
[Site "?"]
[Date "2017.10.07"]
[Round "4.4"]
[White "Lobanov, Sergei"]
[Black "Kacharava, Nikolozi"]
[Result "0-1"]
[BlackElo "2206"]
[WhiteElo "2457"]
[LiveChessVersion "1.4.8"]

1. e4 {[%clk 1:30:59]} e5 {[%clk 1:30:48]} 2. Nf3 {[%clk 1:31:24]} Nf6
{[%clk 1:31:07]} 3. Nxe5 {[%clk 1:30:43]} d6 {[%clk 1:31:24]} 4. Nf3
{[%clk 1:31:08]} Nxe4 {[%clk 1:31:44]} 5. c4 {[%clk 1:31:35]} Be7
{[%clk 1:30:43]} 6. d4 {[%clk 1:31:59]} Nc6 {[%clk 1:26:06]} 7. Nc3
{[%clk 1:30:14]} Nxc3 {[%clk 1:25:41]} 8. bxc3 {[%clk 1:30:42]} Bf5
{[%clk 1:24:54]} 9. Be2 {[%clk 1:28:34]} O-O {[%clk 1:24:09]} 10. O-O
{[%clk 1:23:02]} Re8 {[%clk 1:21:16]} 11. Be3 {[%clk 1:19:29]} Qd7
{[%clk 1:18:32]} 12. Nd2 {[%clk 1:07:51]} Na5 {[%clk 1:10:26]} 13. Nb3
{[%clk 1:07:27]} Qa4 {[%clk 1:09:10]} 14. Nxa5 {[%clk 1:07:26]} Qxa5
{[%clk 1:09:28]} 15. Qb3 {[%clk 1:06:50]} Rab8 {[%clk 0:57:21]} 16. a4
{[%clk 0:57:42]} Bg6 {[%clk 0:52:47]} 17. Rfe1 {[%clk 0:44:22]} Bg5
{[%clk 0:47:06]} 18. Bxg5 {[%clk 0:44:33]} Qxg5 {[%clk 0:47:25]} 19. Bf1
{[%clk 0:44:57]} Qd2 {[%clk 0:22:33]} 20. Qxb7 {[%clk 0:39:59]} h6
{[%clk 0:22:24]} 21. Rxe8+ {[%clk 0:20:08]} Rxe8 {[%clk 0:22:52]} 22. Qc6
{[%clk 0:16:18]} Re7 {[%clk 0:20:43]} 23. Qa8+ {[%clk 0:13:06]} Kh7
{[%clk 0:21:10]} 24. Qf3 {[%clk 0:13:35]} Re1 {[%clk 0:15:55]} 25. Rxe1
{[%clk 0:13:52]} Qxe1 {[%clk 0:16:24]} 26. g4 {[%clk 0:11:25]} a5
{[%clk 0:12:17]} 27. h4 {[%clk 0:11:23]} Be4 {[%clk 0:09:37]} 28. Qe3
{[%clk 0:08:40]} Qxe3 {[%clk 0:08:55]} 29. fxe3 {[%clk 0:09:09]} Bc2
{[%clk 0:09:16]} 30. c5 {[%clk 0:09:21]} Bxa4 {[%clk 0:08:05]} 31. cxd6
{[%clk 0:09:47]} cxd6 {[%clk 0:08:28]} 32. Bc4 {[%clk 0:07:22]} Bc2
{[%clk 0:05:58]} 33. Kf2 {[%clk 0:07:49]} a4 {[%clk 0:05:32]} 34. Ke2
{[%clk 0:08:16]} Bb3 {[%clk 0:04:26]} 35. Bd3+ {[%clk 0:01:21]} Kg8
{[%clk 0:04:46]} 36. Kd2 {[%clk 0:01:51]} a3 {[%clk 0:04:41]} 37. Kc1
{[%clk 0:02:16]} g5 {[%clk 0:04:39]} 38. hxg5 {[%clk 0:02:22]} hxg5
{[%clk 0:05:03]} 39. e4 {[%clk 0:01:33]} Kf8 {[%clk 0:04:19]} 40. Be2
{[%clk 0:01:38]} Ke7 {[%clk 0:04:03]} 41. Kb1 {[%clk 0:01:41]} f6
{[%clk 0:03:47]} 42. Kc1 {[%clk 0:02:06]} Ke6 {[%clk 0:03:14]} 43. Kb1
{[%clk 0:02:00]} Kd7 {[%clk 0:02:18]} 44. Kc1 {[%clk 0:01:58]} Ke7
{[%clk 0:02:23]} 45. Kb1 {[%clk 0:02:24]} Kd7 {[%clk 0:02:01]} 46. Kc1
{[%clk 0:02:49]} Kc7 {[%clk 0:02:24]} 47. Kb1 {[%clk 0:03:01]} Kb6
{[%clk 0:02:43]} 48. Kc1 {[%clk 0:01:41]} Ka5 {[%clk 0:03:05]} 49. Kb1
{[%clk 0:02:07]} Ka4 {[%clk 0:03:03]} 50. Kc1 {[%clk 0:01:41]} Bf7
{[%clk 0:02:35]} 51. Bd1+ {[%clk 0:00:51]} Kb5 {[%clk 0:02:49]} 52. Kc2
{[%clk 0:00:41]} Bc4 {[%clk 0:02:25]} 53. d5 {[%clk 0:00:36]} Bd3+
{[%clk 0:00:43]} 54. Kb3 {[%clk 0:01:06]} Bxe4 {[%clk 0:00:58]} 55. Be2+
{[%clk 0:01:13]} Kc5 {[%clk 0:00:58]} 56. c4 {[%clk 0:01:39]} Kd4
{[%clk 0:00:36]} 57. Kxa3 {[%clk 0:02:04]} f5 {[%clk 0:00:44]} 58. gxf5
{[%clk 0:02:31]} Bxf5 {[%clk 0:01:09]} 59. Kb4 {[%clk 0:02:53]} g4
{[%clk 0:01:17]} 60. Kb5 {[%clk 0:02:58]} g3 {[%clk 0:01:28]} 61. Bf1
{[%clk 0:02:55]} Bd3 {[%clk 0:01:48]} 62. Bg2 {[%clk 0:02:53]} Bxc4+
{[%clk 0:02:09]} 63. Kc6 {[%clk 0:03:23]} Ke5 {[%clk 0:02:30]} 0-1

[Event "Grand Prix 2nd leg Jermuk"]
[Site "?"]
[Date "2017.10.07"]
[Round "4.5"]
[White "Sargsyan, Shant"]
[Black "Pultinevicius, Paulius"]
[Result "1-0"]
[BlackElo "2387"]
[WhiteElo "2431"]
[LiveChessVersion "1.4.8"]

1. d4 {[%clk 1:30:40]} Nf6 {[%clk 1:30:54]} 2. c4 {[%clk 1:31:02]} g6
{[%clk 1:31:02]} 3. Nc3 {[%clk 1:31:03]} Bg7 {[%clk 1:31:18]} 4. e4
{[%clk 1:31:07]} d6 {[%clk 1:31:19]} 5. Nf3 {[%clk 1:31:20]} O-O {[%clk 1:31:28]}
6. Be2 {[%clk 1:31:32]} e5 {[%clk 1:31:09]} 7. O-O {[%clk 1:31:29]} Nc6
{[%clk 1:30:35]} 8. Be3 {[%clk 1:30:58]} exd4 {[%clk 1:26:13]} 9. Nxd4
{[%clk 1:31:13]} Re8 {[%clk 1:26:37]} 10. f3 {[%clk 1:30:46]} Nh5
{[%clk 1:24:55]} 11. f4 {[%clk 1:28:49]} Nf6 {[%clk 1:16:07]} 12. Bf3
{[%clk 1:28:54]} Bd7 {[%clk 1:13:08]} 13. Nc2 {[%clk 1:14:16]} Be6
{[%clk 0:59:23]} 14. Qd3 {[%clk 1:05:40]} Nd7 {[%clk 0:53:14]} 15. b3
{[%clk 1:00:30]} f5 {[%clk 0:29:09]} 16. Rad1 {[%clk 0:54:44]} Nf6
{[%clk 0:20:36]} 17. Nd4 {[%clk 0:41:29]} Bd7 {[%clk 0:18:10]} 18. Nxc6
{[%clk 0:34:20]} Bxc6 {[%clk 0:06:22]} 19. exf5 {[%clk 0:34:10]} gxf5
{[%clk 0:06:45]} 20. Bd4 {[%clk 0:32:17]} Qd7 {[%clk 0:05:12]} 21. Bxc6
{[%clk 0:17:29]} bxc6 {[%clk 0:05:33]} 22. Rf3 {[%clk 0:17:46]} Ne4
{[%clk 0:04:14]} 23. Rh3 {[%clk 0:12:26]} Bxd4+ {[%clk 0:03:21]} 24. Qxd4
{[%clk 0:12:47]} Qg7 {[%clk 0:03:21]} 25. Ne2 {[%clk 0:11:33]} Rf8
{[%clk 0:02:23]} 26. Qxg7+ {[%clk 0:10:43]} Kxg7 {[%clk 0:02:52]} 27. Nd4
{[%clk 0:11:08]} Kg6 {[%clk 0:00:57]} 28. Nxc6 {[%clk 0:11:19]} a5
{[%clk 0:01:15]} 29. a4 {[%clk 0:09:29]} Ra6 {[%clk 0:01:12]} 30. Ne7+
{[%clk 0:09:46]} Kg7 {[%clk 0:01:33]} 31. Rd5 {[%clk 0:09:54]} c6
{[%clk 0:01:04]} 32. Nxf5+ {[%clk 0:07:43]} Kh8 {[%clk 0:01:03]} 33. Rd4
{[%clk 0:07:58]} d5 {[%clk 0:01:08]} 34. Ne7 {[%clk 0:07:19]} Re8
{[%clk 0:01:21]} 35. Ng6+ {[%clk 0:07:23]} Kg7 {[%clk 0:01:37]} 36. Ne5
{[%clk 0:07:49]} Nf6 {[%clk 0:01:05]} 37. cxd5 {[%clk 0:08:03]} cxd5
{[%clk 0:01:29]} 38. Rc3 {[%clk 0:07:47]} Re7 {[%clk 0:01:47]} 39. g4
{[%clk 0:05:58]} Rb7 {[%clk 0:01:55]} 40. g5 {[%clk 0:05:05]} Ne4
{[%clk 0:02:15]} 41. Re3 {[%clk 0:05:06]} 1-0

[Event "Grand Prix 2nd leg Jermuk"]
[Site "?"]
[Date "2017.10.07"]
[Round "4.6"]
[White "Hakobyan, Aram"]
[Black "Gharibyan, Mamikon"]
[Result "1-0"]
[BlackElo "2346"]
[WhiteElo "2457"]
[LiveChessVersion "1.4.8"]

1. d4 {[%clk 1:30:50]} Nf6 {[%clk 1:30:17]} 2. Nf3 {[%clk 1:31:06]} d5
{[%clk 1:29:49]} 3. Bg5 {[%clk 1:30:49]} e6 {[%clk 1:27:21]} 4. e3
{[%clk 1:31:17]} h6 {[%clk 1:24:37]} 5. Bh4 {[%clk 1:31:41]} Nbd7
{[%clk 1:21:11]} 6. Nbd2 {[%clk 1:30:52]} Be7 {[%clk 1:19:32]} 7. Bd3
{[%clk 1:31:06]} O-O {[%clk 1:18:44]} 8. c4 {[%clk 1:27:58]} dxc4
{[%clk 1:11:30]} 9. Nxc4 {[%clk 1:27:36]} b6 {[%clk 1:05:54]} 10. O-O
{[%clk 1:22:55]} Bb7 {[%clk 1:05:37]} 11. Qe2 {[%clk 1:21:55]} c5
{[%clk 1:04:01]} 12. Rad1 {[%clk 1:16:22]} cxd4 {[%clk 1:00:15]} 13. Nxd4
{[%clk 1:14:44]} Ne4 {[%clk 0:57:53]} 14. Bxe4 {[%clk 1:01:45]} Bxe4
{[%clk 0:58:10]} 15. Bg3 {[%clk 1:02:01]} Qc8 {[%clk 0:49:28]} 16. Nd6
{[%clk 0:39:39]} Bxd6 {[%clk 0:49:15]} 17. Bxd6 {[%clk 0:39:26]} Rd8
{[%clk 0:47:03]} 18. b4 {[%clk 0:21:59]} a6 {[%clk 0:23:12]} 19. f3
{[%clk 0:20:23]} Bg6 {[%clk 0:19:26]} 20. Rc1 {[%clk 0:20:42]} Qb7
{[%clk 0:19:27]} 21. Nc6 {[%clk 0:20:41]} Re8 {[%clk 0:18:32]} 22. Rfd1
{[%clk 0:16:15]} Nf6 {[%clk 0:17:23]} 23. e4 {[%clk 0:16:34]} Kh7
{[%clk 0:14:31]} 24. a4 {[%clk 0:15:55]} Rac8 {[%clk 0:13:58]} 25. b5
{[%clk 0:15:46]} axb5 {[%clk 0:14:03]} 26. axb5 {[%clk 0:16:15]} Ra8
{[%clk 0:12:10]} 27. Qd2 {[%clk 0:11:35]} Ra4 {[%clk 0:10:59]} 28. Be5
{[%clk 0:11:24]} Ng8 {[%clk 0:09:16]} 29. Nd8 {[%clk 0:10:31]} Qa8
{[%clk 0:09:20]} 30. Qd7 {[%clk 0:10:04]} Re7 {[%clk 0:09:16]} 31. Qc6
{[%clk 0:09:39]} Qa5 {[%clk 0:09:03]} 32. Bd4 {[%clk 0:08:38]} Ra2
{[%clk 0:06:08]} 33. Bxb6 {[%clk 0:08:11]} Qa3 {[%clk 0:06:15]} 34. Qc3
{[%clk 0:06:48]} Qa4 {[%clk 0:06:30]} 35. Qc4 {[%clk 0:06:45]} Qxc4
{[%clk 0:06:26]} 36. Rxc4 {[%clk 0:07:11]} Rb2 {[%clk 0:06:44]} 37. Rc5
{[%clk 0:07:07]} Nf6 {[%clk 0:06:50]} 38. Ba5 {[%clk 0:05:36]} Bxe4
{[%clk 0:01:07]} 39. fxe4 {[%clk 0:04:34]} Nxe4 {[%clk 0:01:33]} 40. Rc4
{[%clk 0:04:57]} Rd7 {[%clk 0:01:24]} 41. Re1 {[%clk 0:02:29]} Rxb5
{[%clk 0:01:43]} 42. Rcxe4 {[%clk 0:02:26]} Rxa5 {[%clk 0:02:09]} 43. Nc6
{[%clk 0:02:50]} Ra2 {[%clk 0:02:20]} 44. R4e2 {[%clk 0:02:41]} Ra4
{[%clk 0:02:00]} 45. Ne5 {[%clk 0:03:06]} Rc7 {[%clk 0:02:21]} 46. Nf3
{[%clk 0:03:23]} g5 {[%clk 0:02:01]} 47. Rd1 {[%clk 0:03:31]} Rf4
{[%clk 0:01:31]} 48. Ne5 {[%clk 0:03:46]} Kg7 {[%clk 0:01:15]} 49. g3
{[%clk 0:03:26]} Ra4 {[%clk 0:01:34]} 50. Nf3 {[%clk 0:02:23]} Ra3
{[%clk 0:01:32]} 51. Kg2 {[%clk 0:02:46]} Rac3 {[%clk 0:01:44]} 52. Rdd2
{[%clk 0:02:33]} R3c5 {[%clk 0:01:48]} 53. Ne5 {[%clk 0:02:50]} Rc3
{[%clk 0:01:39]} 54. Rf2 {[%clk 0:03:07]} R3c5 {[%clk 0:01:26]} 55. Nd7
{[%clk 0:03:27]} Rb5 {[%clk 0:00:45]} 56. Nf6 {[%clk 0:03:48]} Rb8
{[%clk 0:01:06]} 57. Rde2 {[%clk 0:03:21]} Rc6 {[%clk 0:01:20]} 58. Kh3
{[%clk 0:03:26]} Rb4 {[%clk 0:01:04]} 59. Rd2 {[%clk 0:03:09]} e5
{[%clk 0:00:49]} 60. Ne8+ {[%clk 0:01:03]} Kg6 {[%clk 0:00:46]} 61. Rd7
{[%clk 0:01:27]} Rb8 {[%clk 0:00:32]} 62. Nd6 {[%clk 0:01:31]} f6
{[%clk 0:00:51]} 63. Nf5 {[%clk 0:01:43]} Rc4 {[%clk 0:01:01]} 64. Rg7+
{[%clk 0:01:59]} Kh5 {[%clk 0:01:26]} 65. g4+ {[%clk 0:02:24]} Rxg4
{[%clk 0:01:52]} 66. Ng3+ {[%clk 0:02:50]} Rxg3+ {[%clk 0:02:16]} 67. hxg3
{[%clk 0:03:16]} f5 {[%clk 0:02:10]} 68. Rxf5 {[%clk 0:03:20]} Rb3
{[%clk 0:02:36]} 69. Rf6 {[%clk 0:03:14]} 1-0